000 01518nam a22002537a 4500
003 OSt
005 20201021144028.0
008 201021b 2007 dr 00| 0 eng d
020 _a9789945425178
040 _aDO-SdBNP
_bspa
_cBNPHU
082 _bT314d
245 0 0 _aTeoría del delito /
_cJosé de la Mata Amaya ... [et al.]
250 _a3a ed.
260 _aSanto Domingo :
_bEscuela Nacional de la Judicatura,
_c2007.
300 _a505 p. ;
_c28 cm.
500 _aLa biblioteca posee la tercera reimpresión 2010.
505 _aPresentación --
_tIntroducción --
_tEl derecho penal. Fundamento y límites a su intervención. La ley penal. ámbito de aplicación --
_tEl concepto de delito. La tipicidad. El tipo objetivo --
_tEl tipo subjetivo. Dolo, imprudencia y error de tipo --
_tLa omisión --
_tLa tentativa de delito y el desistimiento --
_tFormar de intervención en el hecho típico : la autoría y la participación --
_tLa antijuridicidad. Causas de justificación --
_t|La culpabilidad --
_tLas circunstancias modificativas de la responsabilidad y la pluralidad de delitos -
_tLas consecuencias jurídicas del delito. La pena y la medida de seguridad. La determinación de la pena --
_tGuía metodológica para la solución con casos penales --
700 1 _aMata Amaya, José de la
_930889
700 1 _aSánchez Tomás, Miguel
_976988
700 1 _aAlcácer Guirao, Rafael
_976989
700 1 _aLascuraín Sánchez, Juan Antonio
_976990
700 1 _aRusconi, Maximiliano
_97258
942 _2ddc
_cLBS1
999 _c48941
_d48941